| 000 | 00622nam a2200193Ia 4500 | ||
|---|---|---|---|
| 005 | 20260429112203.0 | ||
| 008 | 260429s9999||||xx |||||||||||||| ||und|| | ||
| 020 | _a9789355273536 | ||
| 041 | _aEnglish | ||
| 082 |
_a491.2 _bUHL |
||
| 100 | _aUnlenbeck, C. C. | ||
| 245 | 0 |
_aManual of Sanskrit phonetics : _bin comparison with the Indo-Germanic mother-language, for students of Germanic and classical philology / _cC. C. Unlenbeck |
|
| 250 | _a1st ed. | ||
| 260 |
_aChennai : _bMaven Books, _c2023. |
||
| 300 | _axii, 115 p.; pbk | ||
| 650 | _a Historical linguistics | ||
| 650 | _aSanskrit phonetics | ||
| 942 | _cTB | ||
| 999 |
_c52796 _d52796 |
||